South Eastern Kenya University

Library Online Public Access Catalogue


Intermediate algebra (Record no. 6587)

MARC details
000 -LEADER
fixed length control field 00688cam a22002654a 4500
001 - CONTROL NUMBER
control field 16845717
003 - CONTROL NUMBER IDENTIFIER
control field OSt
005 - DATE AND TIME OF LATEST TRANSACTION
control field 20150721150249.0
008 - FIXED-LENGTH DATA ELEMENTS--GENERAL INFORMATION
fixed length control field 110627s2013 maua 001 0 eng
010 ## - LIBRARY OF CONGRESS CONTROL NUMBER
LC control number 2011024002
020 ## - INTERNATIONAL STANDARD BOOK NUMBER
International Standard Book Number 9781256633020
020 ## - INTERNATIONAL STANDARD BOOK NUMBER
International Standard Book Number 0321769503
035 ## - SYSTEM CONTROL NUMBER
System control number (OCoLC)ocn733755199
040 ## - CATALOGING SOURCE
Original cataloging agency SEKU
042 ## - AUTHENTICATION CODE
Authentication code pcc
050 00 - LIBRARY OF CONGRESS CALL NUMBER
Classification number QA 154.3
Item number .T6 2013
245 00 - TITLE STATEMENT
Title Intermediate algebra
Statement of responsibility, etc. John Tobey ... [et al.].
250 ## - EDITION STATEMENT
Edition statement 7th ed.
260 ## - PUBLICATION, DISTRIBUTION, ETC. (IMPRINT)
Place of publication, distribution, etc. Boston :
Name of publisher, distributor, etc. Pearson,
Date of publication, distribution, etc. c2013.
300 ## - PHYSICAL DESCRIPTION
Extent xii, 638, [99] p. :
Other physical details col. ill. ;
Dimensions 28 cm.
500 ## - GENERAL NOTE
General note Includes index.
650 #0 - SUBJECT ADDED ENTRY--TOPICAL TERM
Topical term or geographic name as entry element Algebra
Form subdivision Textbooks.
700 1# - ADDED ENTRY--PERSONAL NAME
Personal name Tobey, John,
Dates associated with a name 1943-
942 ## - ADDED ENTRY ELEMENTS (KOHA)
Source of classification or shelving scheme Library of Congress Classification
Koha item type General circulation
Holdings
Withdrawn status Lost status Source of classification or shelving scheme Damaged status Not for loan Home library Current library Shelving location Date acquired Source of acquisition Total Checkouts Full call number Barcode Date last seen Price effective from Koha item type Public note
    Library of Congress Classification     Main Campus Library Main Campus Library General Stacks 21/07/2015 Donation-Books for Africa   QA 154.3 .T6 2013 2015/004107 21/07/2015 21/07/2015 General circulation amk
Kitui, Kenya.
+254736116989
library@seku.ac.ke